Detalles MARC
| 000 -LEADER |
| fixed length control field |
02150nam a2200457 a 4500 |
| 005 - FECHA ULTIMA MODIFICACION |
| control field |
20240430093814.0 |
| 008 - CAMPO DE CONTROL (LIBRO) |
| fixed length control field |
100629s2012||||sp a f |||| 001 0 spa d |
| 020 ## - INTERNATIONAL STANDARD BOOK NUMBER |
| ISBN |
9781437715286 |
| 041 ## - CODIGO DE IDIOMA |
| Código de idioma del texto/pista de sonido o título separado |
spa |
| 092 ## - SIGNATURA TOPOGRAFICA DEWEY LOCAL |
| número de clasificación |
616.079 |
| libristica |
1 |
| sección |
ABB |
| 100 1# - ENTRADA PRINCIPAL--NOMBRE PERSONAL |
| Nombre personal |
Abbas, Abul K. |
| 9 (RLIN) |
49 |
| 245 ## - TITULO PROPIAMENTE DICHO |
| Título |
Inmunología celular y molecular / |
| Mención de responsabilidad y remanente de la transcripción de la portada |
Abul K. Abbas |
| 250 ## - MENCION DE EDICION |
| Mención de edición |
7a ed. en español de la 7a ed. original en inglés |
| Mención de responsabilidad relacionada con la ed. |
Revisión científica Juan Manuel Igea |
| 260 ## - PIE DE IMPRENTA |
| Lugar de publicación, distribución, etc |
Barcelona: |
| Nombre de la editorial, distribuidor, etc |
Elsevier Saunders; |
| Fecha de publicación |
2012. |
| 300 ## - DESCRIPCION FISICA |
| Extension |
546 p. |
| Otros detalles físicos |
il. |
| 500 ## - NOTA GENERAL |
| Nota general |
Abbas, A. K., Lichtman, A. H. y Pillai, S. (Col.). (2012). Inmunología celular y molecular. (7a ed.). Barcelona : Elsevier ; Saunders. |
| 653 ## - TÉRMINO INDIZADO - PALABRAS CLAVES |
| Palabra clave |
Propiedades y generalidades de las respuestas inmunitarias |
| 653 ## - TÉRMINO INDIZADO - PALABRAS CLAVES |
| Palabra clave |
Células y tejidos del sistema inmunitario |
| 653 ## - TÉRMINO INDIZADO - PALABRAS CLAVES |
| Palabra clave |
Migración del leucocito a los tejidos |
| 653 ## - TÉRMINO INDIZADO - PALABRAS CLAVES |
| Palabra clave |
Inmunidad innata |
| 653 ## - TÉRMINO INDIZADO - PALABRAS CLAVES |
| Palabra clave |
Anticuerpos y antigenos |
| 653 ## - TÉRMINO INDIZADO - PALABRAS CLAVES |
| Palabra clave |
Moléculas del complejo principal de histocompatibilidad y presentación del antígeno a los linfocitos T |
| 653 ## - TÉRMINO INDIZADO - PALABRAS CLAVES |
| Palabra clave |
Receptores inmunitarios y transducción de señales |
| 653 ## - TÉRMINO INDIZADO - PALABRAS CLAVES |
| Palabra clave |
Desarrollo del linfocito y reordenamiento del gen del receptor para el antígeno |
| 653 ## - TÉRMINO INDIZADO - PALABRAS CLAVES |
| Palabra clave |
Activación de los linfocitos T |
| 653 ## - TÉRMINO INDIZADO - PALABRAS CLAVES |
| Palabra clave |
Mecanismos efectores de la inmunidad humoral |
| 653 ## - TÉRMINO INDIZADO - PALABRAS CLAVES |
| Palabra clave |
Inmunidad regional: respuestas inmunitarias especializadas en los tejidos epiteliales y con privilegio inmunitario |
| 653 ## - TÉRMINO INDIZADO - PALABRAS CLAVES |
| Palabra clave |
Tolerancia inmunitaria y autoinmunidad |
| 653 ## - TÉRMINO INDIZADO - PALABRAS CLAVES |
| Palabra clave |
Inmunidad frente a los microbios |
| 653 ## - TÉRMINO INDIZADO - PALABRAS CLAVES |
| Palabra clave |
Inmunología del transplante |
| 653 ## - TÉRMINO INDIZADO - PALABRAS CLAVES |
| Palabra clave |
Inmunilogía antitumoral |
| 653 ## - TÉRMINO INDIZADO - PALABRAS CLAVES |
| Palabra clave |
Transtornos por hipersensibilidad |
| 653 ## - TÉRMINO INDIZADO - PALABRAS CLAVES |
| Palabra clave |
Respuestas inmunitarias dependientes de la EgE y enfermedades alérgicas |
| 653 ## - TÉRMINO INDIZADO - PALABRAS CLAVES |
| Palabra clave |
Inmunodeficiencias congénitas y adquiridas |
| 653 ## - TÉRMINO INDIZADO - PALABRAS CLAVES |
| Palabra clave |
Apéndice: citocinas |
| 653 ## - TÉRMINO INDIZADO - PALABRAS CLAVES |
| Palabra clave |
Apéndice: principales caracteristicas de algunas moléculas CD |
| 653 ## - TÉRMINO INDIZADO - PALABRAS CLAVES |
| Palabra clave |
Apéndice: técnicas de laboratorio usadas con frecuencia en inmunología |
| 700 1# - ENTRADAS SECUNDARIAS - NOMBRE PERSONAL |
| Nombre personal |
Lichtman, Andrew H. |
| 9 (RLIN) |
1038 |
| 700 1# - ENTRADAS SECUNDARIAS - NOMBRE PERSONAL |
| Nombre personal |
Pillai, Shiv |
| 9 (RLIN) |
2844 |
| 942 ## - ADDED ENTRY ELEMENTS (KOHA) |
| Source of classification or shelving scheme |
Dewey Decimal Classification |
| Item type |
Libros |